000 01407nam a22002897a 4500
001 6691
003 FISKH
005 20250521095601.0
008 250521b cb ||||| |||| 00| 0 eng d
020 _a9780060730550
040 _aFISKH
_beng
_cFISKH
_dFISKH
050 _aGV199.S57 A3
082 _a796.522092
100 _aSimpson, Joe
_d(1960-)
245 _aTouching the void :
_bThe true story of one man's miraculous survival /
_cJoe Simpson ; With a foreword by Chris Bonington
250 _aThis edition first published in 2004
260 _aNew York :
_bPerennial,
_c2004
300 _a218 pages :
_bcolor illustrations ;
_c21 cm
505 _aP
520 _aThe 25th Anniversary ebook, now with more than 50 images. 'Touching the Void' is the tale of two mountaineer's harrowing ordeal in the Peruvian Andes. In the summer of 1985, two young, headstrong mountaineers set off to conquer an unclimbed route. They had triumphantly reached the summit, when a horrific accident mid-descent forced one friend to leave another for dead. Ambition, morality, fear and camaraderie are explored in this electronic edition of the mountaineering classic, with never before seen colour photographs taken during the trip itself.
521 8 _a600
_bLexile
521 8 _aP
_bRaz-Plus
650 _2Mountaineering
_aSurvival
650 _2Climbing
_aPeru
942 _2ddc
_cBK
_n0
999 _c6691
_d6691